00729cam a2200241 a 45000010009000000050017000090080041000260100017000670200026000840200023001100200025001330200022001580350023001800350020002030400049002230410008002720800016002800820020002961000007003161010008003232450092003315040064004231453895820180118093019.0060907s2007 caua bf 001 0 eng  a 2006029739 a9781412924221 (cloth) a1412924227 (cloth) a9781412924238 (pbk.) a1412924235 (pbk.) a(OCoLC)ocm71507015 a(OCoLC)71507015 aDLCcDLCdBAKERdC#PdYDXCPdJDRdBTCTAdDLC aeng a001.44 LAW00a001.44 LAW2221 a45 aEDU10aProposals that work :cLawrence F. Locke, Waneen Wyrick Spirduso, Stephen J. Silverman. aIncludes bibliographical references (p. 341-348) and index.